Tous les modes de jeux du serv UHC WORLD - Statistiques

Statistiques générales
  • Ce quiz a été pris 7 fois
  • Le résultat moyen est 3 sur 7
Statistiques - réponses
Mode de jeux % Correct
LG UHC
100%
Demon slayer uhc
86%
Taupe gun
71%
Chainsaw man uhc
29%
Death note uhc
29%
Time out uhc
29%
Attack of Titan uhc
0%
Aucun quiz correspondant
Distribution des résultats
% des personnes avec chaque résultat
Percentile par nombre de réponses
Votre historique - résultats
Vous n’avez pas pris ce quiz